| 000 | 00511nam a2200169Ia 4500 | ||
|---|---|---|---|
| 003 | LK-CoDNM | ||
| 008 | 010623t1985 xxu||||| |||| 00| 1 sin d | ||
| 040 |
_aLK-CoDNM _dLK-CoDNM _eLK-CoDNM |
||
| 041 | _asin | ||
| 080 | _a301 SRI | ||
| 100 | _aRanasingha,S.K Kamala | ||
| 245 | _aගමේ විත්ති තරුණ ඇසින් | ||
| 246 | _aGamey Withi Tharuna Asin | ||
| 260 |
_b Jagath tharuna Wasare jathika Tharuna Sewa Sabawe Wiyappruthiyaki _c1985 |
||
| 300 | _b91p.;24 cm cm | ||
| 942 | _cBK | ||
| 999 |
_c112912 _d112912 |
||